LEADER 01256nam a2200277 i 4500 001 000000131412 003 CaOOAMICUS 005 20250530151720.0 008 041117s1964 it u000 u ita u 040 $aSeMil$bita 100 1 $aSully Prudhomme, René François Armand,$d<1839-1907>.$0(OLS)http://semarc/name/13821 245 10$aSully Prudhomme :$bpremio Nobel per la letteratura 1901. 246 08$aDiario intimo 264 1$aMilano :$bFratelli Fabbri Editori,$c1964. 300 $a261 p. ;$c23 cm. 490 1 $aI premi Nobel per la letteratura ;$v2. 500 $aContiene: Diario intimo ; Pensieri 600 14$aSully Prudhomme, René François Armand <1839-1907>.$0(OLS)http://semarc/subject/57698 830 2$aI premi Nobel per la letteratura ;$v2.$0(OLS)http://semarc/title/407024 850 $aSeMil 852 $aSeMil$W1$xVenegono$y1$m1W V 297$j257668$B85390$CSeMilBibl$Z2$F89208 $81 961 $aLascito: Colombo [Sig.] - Lazzate 996 $6245$aSully Prudhomme :$bpremio Nobel per la letteratura 1901$9(OLS)http://semarc/title/193346 996 $6246$aDiario intimo$9(OLS)http://semarc/title/454054 996 $6264$aMilano :$bFratelli Fabbri Editori$9(OLS)http://semarc/publisher/29845 LEADER 00735nam a2200193 4500 001 000000342220 003 CaOOAMICUS 005 20201117115213.0 008 200923s1979 it a 000 u ita r 040 $aSeMil$bita 245 13$aLe catechesi di Papa Wojtyla . 264 1$aBologna :$bEDB,$c1979. 300 $a350 p. :$bill. ;$c21 cm 650 4$aGiovanni Paolo II - Catechesi.$0(OLS)http://semarc/subject/1195 850 $aSeMil 852 $aSeMil$W1$xVenegono$y1$m2A II 622$j222917$B233973$CSeMilBibl$Z2$F233973 $81 996 $6245$aLe catechesi di Papa Wojtyla $9(OLS)http://semarc/title/431073 996 $6264$aBologna :$bEDB$9(OLS)http://semarc/publisher/29669